[Event "Stockerau op-B"]
[Site "Stockerau"]
[Date "2006.05.26"]
[Round "3"]
[White "Zwerger, Kurt"]
[Black "Scharf, Leopold"]
[Result "0-1"]
[WhiteElo "1630"]
[BlackElo "1620"]
[PlyCount "64"]
[EventDate "2006.05.25"]
[EventType "swiss"]
[EventRounds "5"]
[EventCountry "AUT"]
[SourceTitle "CBM 112 Extra"]
[Source "ChessBase"]
[SourceDate "2006.07.14"]
[SourceVersion "1"]
[SourceVersionDate "2006.07.14"]
[SourceQuality "1"]

1. d4 Nf6 2. c4 e6 3. a3 d5 4. Nc3 Be7 5. Nf3 Nbd7 6. Bf4 Nh5 7. Bd2 dxc4 8. e4 Nb6 9. Ne5 Nf6 10. Be3 0-0 11. Nxc4 Nfd7 12. Bd3 c5 13. 0-0 Nxc4 14. Bxc4 cxd4 15. Bxd4 Qc7 16. Bd3 Bc5 17. Nb5 Qd8 18. Bc3 a6 19. Nd4 Qb6 20. Nf3 Qd8 21. e5 b5 22. b4 Ba7 23. Qc2 h6 24. Be4 Rb8 25. Rad1 Qc7 26. Rd2 Bb7 27. Re1 Rfc8 28. Rd3 Bxe4 29. Rxe4 Nb6 30. Qb2 Na4 31. Qd2 Nxc3 32. Rd7 Nxe4 0-1